<?xml version="1.0" encoding="UTF-8"?>
<record
    xmlns:xsi="http://www.w3.org/2001/XMLSchema-instance"
    xsi:schemaLocation="http://www.loc.gov/MARC21/slim http://www.loc.gov/standards/marcxml/schema/MARC21slim.xsd"
    xmlns="http://www.loc.gov/MARC21/slim">

  <leader>01128nji a22003137a 4500</leader>
  <controlfield tag="005">20100903161258.0</controlfield>
  <controlfield tag="006">a|||||r|||||00| 0 </controlfield>
  <controlfield tag="007">sd ammalaaahaa</controlfield>
  <controlfield tag="008">100830t        xxu||||| |||| 00| 0 eng d</controlfield>
  <datafield tag="028" ind1=" " ind2=" ">
    <subfield code="a">TAEc 1362</subfield>
    <subfield code="b">Angel Records</subfield>
  </datafield>
  <datafield tag="035" ind1=" " ind2=" ">
    <subfield code="a">GR-02185</subfield>
  </datafield>
  <datafield tag="040" ind1=" " ind2=" ">
    <subfield code="a">SED</subfield>
    <subfield code="c">SED</subfield>
  </datafield>
  <datafield tag="100" ind1=" " ind2=" ">
    <subfield code="9">17455</subfield>
    <subfield code="a">C H Atma</subfield>
  </datafield>
  <datafield tag="245" ind1=" " ind2=" ">
    <subfield code="a">Preetam aan milo- geet /</subfield>
    <subfield code="c">by C H Atma</subfield>
    <subfield code="h">[sound recording] :</subfield>
  </datafield>
  <datafield tag="246" ind1=" " ind2=" ">
    <subfield code="a">&#x92A;&#x94D;&#x930;&#x940;&#x924;&#x92E; &#x906;&#x928; &#x92E;&#x93F;&#x932;&#x94B; -&#x917;&#x940;&#x924; / &#x938;&#x940; &#x905;&#x91A;&#x94D; &#x906;&#x924;&#x94D;&#x92E;&#x93E; </subfield>
  </datafield>
  <datafield tag="260" ind1=" " ind2=" ">
    <subfield code="a">Dum Dum, India </subfield>
    <subfield code="b">Angel Records</subfield>
  </datafield>
  <datafield tag="300" ind1=" " ind2=" ">
    <subfield code="a">1 sound disc [Gramophone Recording]:</subfield>
    <subfield code="b">analog, 45 rpm </subfield>
    <subfield code="c">7.5 in. (SP)</subfield>
    <subfield code="f">Gramophone Record</subfield>
  </datafield>
  <datafield tag="500" ind1=" " ind2=" ">
    <subfield code="a">Brief Record</subfield>
  </datafield>
  <datafield tag="500" ind1=" " ind2=" ">
    <subfield code="a">Record lables : Angel Records, Mehroon</subfield>
  </datafield>
  <datafield tag="505" ind1=" " ind2=" ">
    <subfield code="a">Side &#x968;  &#x913;&#x922;&#x93C; &#x91A;&#x941;&#x928;&#x93F;&#x930;&#x93F;&#x92F;&#x93E; &#x924;&#x93E;&#x930;&#x94B;&#x902; &#x915;&#x940; (odh chuniriya taaroh ki)   </subfield>
  </datafield>
  <datafield tag="600" ind1=" " ind2=" ">
    <subfield code="a">Atma, C H </subfield>
    <subfield code="9">19637</subfield>
  </datafield>
  <datafield tag="650" ind1=" " ind2=" ">
    <subfield code="a">Film song </subfield>
    <subfield code="z">India</subfield>
    <subfield code="9">1186</subfield>
    <subfield code="x">Excerpts</subfield>
  </datafield>
  <datafield tag="700" ind1=" " ind2=" ">
    <subfield code="9">17416</subfield>
  </datafield>
  <datafield tag="700" ind1=" " ind2=" ">
    <subfield code="9">17456</subfield>
  </datafield>
  <datafield tag="700" ind1=" " ind2=" ">
    <subfield code="9">19696</subfield>
  </datafield>
  <datafield tag="700" ind1=" " ind2=" ">
    <subfield code="9">19778</subfield>
  </datafield>
  <datafield tag="942" ind1=" " ind2=" ">
    <subfield code="2">ddc</subfield>
    <subfield code="c">GR</subfield>
  </datafield>
  <datafield tag="999" ind1=" " ind2=" ">
    <subfield code="c">45457</subfield>
    <subfield code="d">45457</subfield>
  </datafield>
  <datafield tag="952" ind1=" " ind2=" ">
    <subfield code="0">0</subfield>
    <subfield code="1">0</subfield>
    <subfield code="2">ddc</subfield>
    <subfield code="4">0</subfield>
    <subfield code="7">1</subfield>
    <subfield code="8">NFIC</subfield>
    <subfield code="a">L</subfield>
    <subfield code="b">L</subfield>
    <subfield code="d">2010-09-13</subfield>
    <subfield code="e">SED/VEN</subfield>
    <subfield code="l">0</subfield>
    <subfield code="p">GR-02185</subfield>
    <subfield code="r">2010-09-13 00:00:00</subfield>
    <subfield code="t">1</subfield>
    <subfield code="w">2010-09-13</subfield>
    <subfield code="y">GR</subfield>
  </datafield>
</record>
